[Event "Nouvel An"]
[Site "Gatineau CAN"]
[Date "2016.01.12"]
[Round "2"]
[White "Jobin, Gilles G"]
[Black "Akrib, Fouad"]
[Result "0-1"]
[WhiteElo "1752"]
[BlackElo "1882"]
[PlyCount "46"]
[EventDate "2016.01.05"]
[EventType "swiss"]
[EventRounds "5"]
[EventCountry "CAN"]

1. e4 c5 2. c3 d5 3. exd5 Qxd5 4. d4 Nc6 5. Nf3 Bf5 6. Na3 a6 7. Bd3 Bxd3 8.
Qxd3 cxd4 9. cxd4 e5 10. Nc2 Bb4+ 11. Kf1 e4 12. Qe3 Qc4+ 13. Kg1 Qxc2 14. Bd2
Bxd2 15. Nxd2 Nf6 16. h3 Rd8 17. Nb3 O-O 18. Kh2 Rfe8 19. Rhd1 Ne5 20. Qf4 Nd3
21. Rd2 Qxb3 22. Qxf6 Qxb2 23. Rxb2 gxf6 0-1

[Event "Nouvel An"]
[Site "Gatineau CAN"]
[Date "2016.01.12"]
[Round "2"]
[White "Scantland, Patrick"]
[Black "Seguin, Hubert"]
[Result "1-0"]
[WhiteElo "1741"]
[BlackElo "1590"]
[PlyCount "65"]
[EventDate "2016.01.05"]
[EventType "swiss"]
[EventRounds "5"]
[EventCountry "CAN"]

1. d4 d5 2. c4 c6 3. Nf3 g6 4. Nc3 Bg7 5. cxd5 cxd5 6. Bf4 a6 7. e3 Nf6 8. Bd3
O-O 9. O-O Nc6 10. a3 Nh5 11. Bg5 Bf6 12. h3 Bxg5 13. Nxg5 e5 14. Nxh7 e4 15.
Nxf8 exd3 16. Nxg6 fxg6 17. Qxd3 Bf5 18. Qe2 Qh4 19. Qf3 Be4 20. Nxe4 dxe4 21.
Qg4 Qf6 22. Qxe4 Kg7 23. Rac1 Rf8 24. Rc5 Ng3 25. fxg3 Qxf1+ 26. Kh2 Qf6 27. d5
Qd6 28. Qc2 Ne5 29. e4 Rh8 30. Rc7+ Kf6 31. Qf2+ Kg5 32. Qf4+ Kh5 33. Qh4# 1-0

[Event "Nouvel An"]
[Site "Gatineau CAN"]
[Date "2016.01.19"]
[Round "3"]
[White "Akrib, Fouad"]
[Black "Gagnon, Fabien"]
[Result "0-1"]
[WhiteElo "1882"]
[BlackElo "1936"]
[PlyCount "61"]
[EventDate "2016.01.05"]
[EventType "swiss"]
[EventRounds "5"]
[EventCountry "CAN"]

1. e4 c5 2. Nf3 e6 3. d4 cxd4 4. Nxd4 a6 5. Nc3 Qc7 6. Be3 Nf6 7. Be2 Bb4 8. f3
Bxc3+ 9. bxc3 Qxc3+ 10. Kf2 Nc6 11. Rb1 O-O 12. Rb3 Qa5 13. Nxc6 dxc6 14. Bb6
Qh5 15. Rd3 e5 16. Bd8 Qg6 17. Rd6 Be6 18. h4 h5 19. c4 Ne8 20. Rd2 f5 21. exf5
Qxf5 22. Rh3 e4 23. Bb6 Nf6 24. Kg1 Qg6 25. Rh1 exf3 26. Bxf3 Bxc4 27. Rd6 Bxa2
28. Bxh5 Qxh5 29. Qxh5 Nxh5 30. g4 Ng3 31. Rh2 0-1

[Event "Nouvel An"]
[Site "Gatineau CAN"]
[Date "2016.01.19"]
[Round "3"]
[White "Danilov, Alex"]
[Black "Scantland, Patrick"]
[Result "1/2-1/2"]
[WhiteElo "1786"]
[BlackElo "1741"]
[PlyCount "92"]
[EventDate "2016.01.05"]
[EventType "swiss"]
[EventRounds "5"]
[EventCountry "CAN"]

1. Nf3 Nf6 2. c4 Nc6 3. g3 e5 4. Bg2 g6 5. Nc3 Bg7 6. O-O O-O 7. d3 d6 8. e3
Re8 9. Nd2 Bd7 10. b3 Qc8 11. Bb2 Bh3 12. a3 Bxg2 13. Kxg2 Nd7 14. Qc2 f5 15.
Nd5 Ne7 16. Rac1 c6 17. Nxe7+ Rxe7 18. f4 Bh6 19. Nf3 a6 20. Rce1 Qe8 21. Bc3
e4 22. dxe4 Rxe4 23. h4 Rb8 24. Ng5 Bxg5 25. hxg5 b5 26. Qd3 Qe6 27. Rd1 Rxe3
28. Qd4 Qe4+ 29. Qxe4 fxe4 30. Rxd6 Rxc3 31. Rxd7 Rxb3 32. Rh1 Rb2+ 33. Kh3 Rf8
34. Kg4 Rf7 35. Rd8+ Kg7 36. Re8 Rb3 37. Re1 Rxa3 38. R1xe4 Ra4 39. Rd4 h5+ 40.
Kh3 Rxc4 41. Rdd8 Rf5 42. Re7+ Rf7 43. Ree8 Rc7 44. Rg8+ Kf7 45. Rgf8+ Kg7 46.
Rg8+ Kf7 1/2-1/2

[Event "Nouvel An"]
[Site "Gatineau CAN"]
[Date "2016.01.26"]
[Round "4"]
[White "Gagnon, Fabien"]
[Black "Arsenault, Michel"]
[Result "1-0"]
[WhiteElo "1936"]
[BlackElo "1843"]
[PlyCount "143"]
[EventDate "2016.01.05"]
[EventType "swiss"]
[EventRounds "5"]
[EventCountry "CAN"]

1. f4 Nf6 2. Nf3 c5 3. e3 g6 4. d4 b6 5. d5 Bg7 6. c4 b5 7. cxb5 d6 8. Nc3 O-O
9. Be2 a6 10. b6 Qxb6 11. O-O a5 12. h3 Ba6 13. Kh2 Bxe2 14. Qxe2 Na6 15. Nd2
Nc7 16. e4 e6 17. dxe6 Nxe6 18. e5 dxe5 19. Nc4 Qa6 20. Nxe5 Qxe2 21. Nxe2 Nd5
22. Nc4 f5 23. Bd2 a4 24. Rad1 a3 25. b3 Nb4 26. Bxb4 cxb4 27. Rd6 Nc5 28. Nd4
Rfd8 29. Rxd8+ Rxd8 30. Nc6 Re8 31. Nxb4 Re4 32. Nd5 Nxb3 33. Nxa3 Ra4 34. axb3
Rxa3 35. Rb1 Ra5 36. Nc7 Ra7 37. Nb5 Rb7 38. Nd6 Rb4 39. g3 Bf8 40. Nc4 Kf7 41.
Kg2 Ke6 42. Kf3 Bg7 43. Ke2 h6 44. Kd3 Bf8 45. Kc3 Rb8 46. b4 Bg7+ 47. Kb3 Bf8
48. Ka4 Kd5 49. Ne5 g5 50. Nd7 Ra8+ 51. Kb5 Kd6 52. Nxf8 Rxf8 53. Kb6 Kd5 54.
b5 Rf6+ 55. Kc7 gxf4 56. gxf4 Rf7+ 57. Kc8 Kd6 58. Rc1 Rf8+ 59. Kb7 Rf7+ 60.
Ka6 Kd5 61. b6 Ke4 62. Rc4+ Kd5 63. Rc7 Rf6 64. Re7 Kd6 65. Re5 Kd7 66. Ka7 Kc6
67. b7 Rf7 68. Re6+ Kd5 69. Rxh6 Ke4 70. Kb6 Rf8 71. Rc6 Rb8 72. Rc8 1-0

[Event "Nouvel An"]
[Site "Gatineau CAN"]
[Date "2016.01.26"]
[Round "4"]
[White "Raymond, Daniel"]
[Black "Rose, Richard"]
[Result "1/2-1/2"]
[WhiteElo "1678"]
[BlackElo "1906"]
[PlyCount "145"]
[EventDate "2016.01.05"]
[EventType "swiss"]
[EventRounds "5"]
[EventCountry "CAN"]

1. e4 c5 2. Nf3 Nc6 3. Nc3 g6 4. d4 cxd4 5. Nxd4 Bg7 6. Be3 Nf6 7. Be2 d6 8.
O-O O-O 9. Nb3 a6 10. f4 b5 11. Bf3 Bb7 12. Nd5 e6 13. Nxf6+ Bxf6 14. c3 Qc7
15. Qc2 Rad8 16. Qf2 Rd7 17. Rfd1 Ne7 18. Rd2 Nc8 19. Rad1 Rfd8 20. Rd3 Be7 21.
Kh1 d5 22. e5 Qc4 23. Rd4 Qc7 24. R4d2 Qc6 25. Nc5 Rc7 26. Nxb7 Rxb7 27. Bd4
Bf8 28. g4 a5 29. b3 Nb6 30. Rg1 a4 31. f5 Ra8 32. f6 axb3 33. axb3 Ra3 34. Rb2
Nd7 35. Re1 Nc5 36. Qc2 Qa6 37. Reb1 Rc7 38. Qd2 Rc8 39. Be3 Qc6 40. Bh6 Qe8
41. Bxf8 Qxf8 42. h4 Rca8 43. Qe3 Rc8 44. h5 Ne4 45. Bxe4 dxe4 46. hxg6 fxg6
47. Rf2 Kf7 48. Rh2 Kg8 49. Rf2 Qc5 50. f7+ Kg7 51. Qf4 Qe7 52. Rbf1 Rf8 53.
Qxe4 Rxb3 54. Qd4 b4 55. Qd6 Qxd6 56. exd6 Rxc3 57. Rd1 Rcc8 58. Re2 Rxf7 59.
Rxe6 Rd7 60. Re3 Rc4 61. Rg3 Kf6 62. Kg2 Ke5 63. Re3+ Re4 64. Rxe4+ Kxe4 65.
Rb1 Ke5 66. Rxb4 Kxd6 67. Kg3 Ke5 68. Kh4 h6 69. Rb6 Rd6 70. Rb7 Kf6 71. Rb5
Ke6 72. Rc5 Rd1 73. Rc6+ 1/2-1/2

[Event "Nouvel An"]
[Site "Gatineau CAN"]
[Date "2016.01.26"]
[Round "4"]
[White "Scantland, Patrick"]
[Black "Jobin, Gilles G"]
[Result "0-1"]
[WhiteElo "1741"]
[BlackElo "1752"]
[PlyCount "58"]
[EventDate "2016.01.05"]
[EventType "swiss"]
[EventRounds "5"]
[EventCountry "CAN"]

1. d4 d5 2. c4 e6 3. Nc3 Nf6 4. cxd5 exd5 5. Bg5 Nbd7 6. Nxd5 Nxd5 7. Nf3 Bb4+
8. Bd2 Qe7 9. a3 Bxd2+ 10. Nxd2 N7f6 11. e3 Bg4 12. Qb3 c6 13. Bc4 Nb6 14. O-O
Be6 15. e4 Bxc4 16. Nxc4 Nxc4 17. Qxc4 O-O 18. d5 cxd5 19. exd5 Qe4 20. Qxe4
Nxe4 21. Rfe1 Nd6 22. f4 Rfe8 23. Red1 Rac8 24. b4 Rc2 25. Rac1 Ree2 26. Rxc2
Rxc2 27. Rd3 Kf8 28. g4 Rc4 29. Rf3 Rd4 0-1

[Event "Nouvel An"]
[Site "Gatineau CAN"]
[Date "2016.01.26"]
[Round "4"]
[White "Seguin, Hubert"]
[Black "Latreille, Etienne"]
[Result "1/2-1/2"]
[WhiteElo "1590"]
[BlackElo "1464"]
[PlyCount "62"]
[EventDate "2016.01.05"]
[EventType "swiss"]
[EventRounds "5"]
[EventCountry "CAN"]

1. e4 e6 2. d4 d5 3. Nd2 c5 4. Ngf3 Nf6 5. e5 Nfd7 6. c3 Nc6 7. Bd3 Qb6 8. Qa4
cxd4 9. cxd4 Qc7 10. O-O Nb6 11. Qc2 Bd7 12. a3 Rc8 13. Nb3 Be7 14. Bg5 Nxe5
15. Qd2 Nxf3+ 16. gxf3 Qd8 17. Bxe7 Qxe7 18. Rac1 O-O 19. Qf4 Bc6 20. Nd2 f5
21. Kh1 Rf6 22. Rce1 Rcf8 23. Re2 Rh6 24. Bxf5 Qf7 25. Qxh6 exf5 26. Qe6 Bb5
27. Rfe1 Bxe2 28. Rxe2 Qxe6 29. Rxe6 Kf7 30. Re5 g6 31. Nb1 Rd8 1/2-1/2

[Event "Nouvel An"]
[Site "Gatineau CAN"]
[Date "2016.02.02"]
[Round "5"]
[White "Jobin, Gilles G"]
[Black "Arsenault, Michel"]
[Result "0-1"]
[WhiteElo "1752"]
[BlackElo "1843"]
[PlyCount "52"]
[EventDate "2016.01.05"]
[EventType "swiss"]
[EventRounds "5"]
[EventCountry "CAN"]

1. e4 c5 2. c3 Nf6 3. e5 Nd5 4. d4 cxd4 5. Nf3 e6 6. cxd4 d6 7. Bb5+ Bd7 8.
Bxd7+ Nxd7 9. exd6 Bxd6 10. Nc3 Nxc3 11. bxc3 Qc7 12. Qd3 Rc8 13. Bd2 Qc4 14.
Qxc4 Rxc4 15. Rc1 O-O 16. Ke2 Rfc8 17. Kd3 b5 18. Rb1 a6 19. Rhe1 Nf6 20. Ne5
Ra4 21. Rb2 Ra3 22. Rc1 Nd5 23. Rb3 Rxa2 24. c4 Bxe5 25. cxd5 Rxd2+ 26. Kxd2
Bf4+ 0-1

[Event "Nouvel An"]
[Site "Gatineau CAN"]
[Date "2016.02.02"]
[Round "5"]
[White "Latreille, Etienne"]
[Black "Scantland, Patrick"]
[Result "1/2-1/2"]
[WhiteElo "1464"]
[BlackElo "1741"]
[PlyCount "110"]
[EventDate "2016.01.05"]
[EventType "swiss"]
[EventRounds "5"]
[EventCountry "CAN"]

1. e4 c5 2. Nf3 d6 3. d3 Nc6 4. Be3 g6 5. c3 Bg7 6. Na3 e6 7. Nc2 Nge7 8. d4
cxd4 9. Ncxd4 O-O 10. Bc4 Re8 11. O-O a6 12. Qd2 b5 13. Bb3 Bb7 14. Ne2 d5 15.
exd5 Nxd5 16. Rad1 Na5 17. Ned4 Qc7 18. Rfe1 Rad8 19. Qc2 Nxe3 20. Rxe3 Rd7 21.
Rde1 Nc4 22. R3e2 e5 23. Nd2 Nxd2 24. Rxd2 Red8 25. Nf3 a5 26. a4 Qc6 27. axb5
Qc7 28. Ba4 Rxd2 29. Nxd2 f5 30. Bb3+ Kf8 31. c4 e4 32. c5 Bd5 33. Rc1 Bh6 34.
Re1 Bxd2 35. Qxd2 Bxb3 36. Qc3 Qf7 37. Qh8+ Ke7 38. Qe5+ Be6 39. Qc7+ Ke8 40.
Qxa5 Qd7 41. Qa6 Bc4 42. Qf6 Qd4 43. Qc6+ Ke7 44. h3 Qxb2 45. b6 Rd7 46. Qc8
Qd2 47. Ra1 Qf4 48. c6 Rd8 49. Qxd8+ Kxd8 50. c7+ Kd7 51. Ra8 Qc1+ 52. Kh2 Ba6
53. Rxa6 e3 54. fxe3 Qxe3 55. Ra8 Qe5+ 1/2-1/2

[Event "Nouvel An"]
[Site "Gatineau CAN"]
[Date "2016.02.02"]
[Round "5"]
[White "Rose, Richard"]
[Black "Seguin, Hubert"]
[Result "1-0"]
[WhiteElo "1906"]
[BlackElo "1590"]
[PlyCount "75"]
[EventDate "2016.01.05"]
[EventType "swiss"]
[EventRounds "5"]
[EventCountry "CAN"]

1. e4 c5 2. Nf3 Nc6 3. d4 cxd4 4. Nxd4 g6 5. c3 Bg7 6. Be3 d6 7. Be2 Nf6 8. Nd2
O-O 9. O-O Qc7 10. f4 b6 11. e5 dxe5 12. Nxc6 Nd5 13. Bf2 Qxc6 14. c4 Nxf4 15.
Bf3 Qf6 16. Bxa8 Bf5 17. Qf3 g5 18. Ne4 Qg6 19. Ng3 g4 20. Nxf5 Qxf5 21. Qe4
Qg5 22. Bc6 f5 23. Qe3 h5 24. Kh1 h4 25. g3 Qg6 26. Bd5+ Nxd5 27. cxd5 f4 28.
gxf4 exf4 29. Qe6+ Kh7 30. Qxg6+ Kxg6 31. Bxh4 Rh8 32. Bxe7 g3 33. Rxf4 Rxh2+
34. Kg1 Be5 35. Re4 Kf5 36. Rae1 Bxb2 37. d6 Rd2 38. R1e2 1-0

[Event "Nouvel An U1500"]
[Site "Gatineau CAN"]
[Date "2016.01.05"]
[Round "1"]
[White "Dupont-Mageau, Nicolas"]
[Black "Arcand, Pierre"]
[Result "1-0"]
[WhiteElo "1438"]
[BlackElo "1102"]
[PlyCount "105"]
[EventDate "2016.01.05"]
[EventType "swiss"]
[EventRounds "5"]
[EventCountry "CAN"]

1. e4 e5 2. Nf3 Nc6 3. Bb5 Nf6 4. O-O d6 5. Re1 Be7 6. d4 exd4 7. Nxd4 Bd7 8.
Nxc6 Bxc6 9. Bxc6+ bxc6 10. Nc3 Rb8 11. b3 O-O 12. Bb2 Qd7 13. Qf3 Ng4 14. Rad1
Ne5 15. Qg3 Qg4 16. f4 Qxg3 17. hxg3 Ng4 18. e5 Rfe8 19. exd6 cxd6 20. Re2 Bf6
21. Rde1 Rxe2 22. Rxe2 Bd4+ 23. Kf1 Kf8 24. Ke1 Re8 25. Rxe8+ Kxe8 26. Kd2 c5
27. Ba3 a6 28. Ne2 Bf6 29. Kd3 Kd7 30. b4 h5 31. bxc5 dxc5 32. Bxc5 g5 33. Bd4
Bxd4 34. Kxd4 gxf4 35. Nxf4 Nf6 36. Ke5 Ke7 37. c4 Ng4+ 38. Ke4 Nf6+ 39. Kf5 a5
40. Nd5+ Nxd5 41. cxd5 f6 42. Kg6 Kd6 43. Kxf6 Kxd5 44. Kg5 Ke6 45. Kxh5 Kf7
46. Kh6 Kg8 47. Kg6 a4 48. g4 a3 49. g5 Kh8 50. Kf7 Kh7 51. g6+ Kh8 52. g7+ Kh7
53. g8=Q+ 1-0

[Event "Nouvel An U1500"]
[Site "Gatineau CAN"]
[Date "2016.01.05"]
[Round "1"]
[White "Lecorre, Joel"]
[Black "Simard, Paul"]
[Result "1-0"]
[WhiteElo "1526"]
[BlackElo "1195"]
[PlyCount "43"]
[EventDate "2016.01.05"]
[EventType "swiss"]
[EventRounds "5"]
[EventCountry "CAN"]

1. e4 e5 2. Bc4 d6 3. c3 Nf6 4. d3 Be7 5. Nf3 O-O 6. O-O c6 7. Bb3 Nbd7 8. Re1
b5 9. Nbd2 Nc5 10. Bc2 h6 11. d4 Ncd7 12. Nf1 Qc7 13. h3 Re8 14. g4 g5 15. Ng3
exd4 16. cxd4 Nb6 17. Qd3 Kf8 18. e5 dxe5 19. dxe5 Ng8 20. Qh7 Nd5 21. Nh5 Be6
22. Qg7# 1-0

[Event "Nouvel An U1500"]
[Site "Gatineau CAN"]
[Date "2016.01.05"]
[Round "1"]
[White "Legare, Gilles"]
[Black "Ethier, Valori"]
[Result "0-1"]
[WhiteElo "1071"]
[BlackElo "1360"]
[PlyCount "68"]
[EventDate "2016.01.05"]
[EventType "swiss"]
[EventRounds "5"]
[EventCountry "CAN"]

1. e4 c6 2. Nc3 d5 3. d4 dxe4 4. Nxe4 Bf5 5. Bd3 Qxd4 6. Nf3 Qd8 7. O-O Bxe4 8.
Re1 Bxd3 9. cxd3 Nf6 10. b3 e6 11. Bg5 Nbd7 12. d4 Be7 13. h3 O-O 14. a3 Re8
15. b4 Rc8 16. Nh2 Nd5 17. Bxe7 Rxe7 18. Qd3 N7f6 19. Qg3 Qc7 20. Re5 Nd7 21.
Rae1 Nxe5 22. Rxe5 f6 23. Ng4 fxe5 24. dxe5 Rf8 25. Qb3 Kh8 26. g3 Ref7 27. f4
Qb6+ 28. Kh2 Qd4 29. h4 Qd2+ 30. Kh3 Nxf4+ 31. gxf4 Rxf4 32. h5 Rf3+ 33. Qxf3
Rxf3+ 34. Kh4 Qd8+ 0-1

[Event "Nouvel An U1500"]
[Site "Gatineau CAN"]
[Date "2016.01.12"]
[Round "2"]
[White "Ethier, Valori"]
[Black "Lecorre, Joel"]
[Result "0-1"]
[WhiteElo "1360"]
[BlackElo "1526"]
[PlyCount "86"]
[EventDate "2016.01.05"]
[EventType "swiss"]
[EventRounds "5"]
[EventCountry "CAN"]

1. f4 Nf6 2. Nf3 b6 3. e3 Bb7 4. b3 e6 5. Bb2 d5 6. Bb5+ c6 7. Be2 Nbd7 8. O-O
Bd6 9. Ne5 O-O 10. Nxd7 Nxd7 11. d3 Qe7 12. Nd2 f5 13. Rf3 Rf7 14. Rg3 e5 15.
Bh5 g6 16. Bxg6 hxg6 17. Rxg6+ Rg7 18. Qh5 Rf8 19. Rh6 Rh7 20. Rg6+ Kh8 21. Rh6
Qg7 22. Rxh7+ Qxh7 23. Qxh7+ Kxh7 24. Nf3 exf4 25. exf4 Bxf4 26. g3 Be3+ 27.
Kg2 c5 28. d4 f4 29. g4 Nf6 30. Ng5+ Kg6 31. Nf3 Nxg4 32. h3 Nf2 33. Ne5+ Kf5
34. c3 Rg8+ 35. Kh2 Rg3 36. Rg1 Rxh3+ 37. Kg2 Rg3+ 38. Kf1 Rxg1+ 39. Kxg1 Nd1+
40. Kf1 Nxb2 41. Ke2 cxd4 42. cxd4 Ke4 43. Nf3 Ba6+ 0-1

[Event "Nouvel An U1500"]
[Site "Gatineau CAN"]
[Date "2016.01.05"]
[Round "2"]
[White "Gaudreau, Louis"]
[Black "Traversy, Pierre"]
[Result "0-1"]
[WhiteElo "1368"]
[BlackElo "1160"]
[PlyCount "75"]
[EventDate "2016.01.05"]
[EventType "swiss"]
[EventRounds "5"]
[EventCountry "CAN"]

1. d4 e6 2. c4 Nf6 3. Nc3 d5 4. e3 Nc6 5. Nf3 g6 6. Be2 Bg7 7. a3 Bd7 8. b4 a6
9. Qc2 Ne7 10. Ne5 c6 11. Rb1 dxc4 12. Bxc4 b5 13. Bd3 Ned5 14. Nxd5 cxd5 15.
Rb3 Rc8 16. Rc3 Rxc3 17. Qxc3 O-O 18. O-O Ne4 19. Nxd7 Nxc3 20. Nxf8 Kxf8 21.
f3 f5 22. Bb2 Na4 23. Ba1 Nb6 24. Rc1 Nc4 25. Re1 h5 26. e4 Qb6 27. exd5 exd5
28. Bxc4 Bxd4+ 29. Bxd4 Qxd4+ 30. Kf1 Qxc4+ 31. Re2 Kf7 32. Kf2 f4 33. Ke1 g5
34. Kd2 Kf6 35. Kd1 Qb3+ 36. Rc2 d4 37. Kc1 Qxa3+ 38. Kd2 0-1

[Event "Nouvel An U1500"]
[Site "Gatineau CAN"]
[Date "2016.01.12"]
[Round "2"]
[White "Simard, Paul"]
[Black "Legare, Gilles"]
[Result "1-0"]
[WhiteElo "1195"]
[BlackElo "1071"]
[PlyCount "105"]
[EventDate "2016.01.05"]
[EventType "swiss"]
[EventRounds "5"]
[EventCountry "CAN"]

1. f4 b6 2. Nf3 e6 3. e3 Nf6 4. b3 Be7 5. Bb2 d6 6. Nc3 Bb7 7. Bd3 h6 8. O-O c6
9. a4 a5 10. Qe2 O-O 11. Ne4 Nbd7 12. c4 Qc8 13. Rac1 c5 14. Nc3 Re8 15. h3 Nf8
16. Qf2 N8h7 17. Qg3 Nh5 18. Bxh7+ Kxh7 19. Qg4 Nf6 20. Qg3 Rg8 21. Nb5 Nh5 22.
Qg4 Bxf3 23. Qxf3 g6 24. Nc3 Bf6 25. Rb1 Bh4 26. Ne4 Qd7 27. g4 Qe7 28. gxh5
gxh5+ 29. Kh1 f5 30. Nf2 Qf7 31. Nd3 Rab8 32. Qc6 Qb7 33. Qxb7+ Rxb7 34. Ne1
Rf7 35. Nf3 Bf6 36. Bxf6 Rxf6 37. Rg1 Rfg6 38. Rbd1 Rg3 39. Ng5+ R8xg5 40. fxg5
Rxh3+ 41. Kg2 Rh4 42. gxh6 Kxh6 43. Rh1 Rg4+ 44. Kh3 h4 45. Rdg1 Kh5 46. Rg2
Kg5 47. Rhg1 Kh5 48. Rxg4 fxg4+ 49. Rxg4 e5 50. Rxh4+ Kg5 51. Kg3 Kf5 52. Rh6
e4 53. Rxd6 1-0

[Event "Nouvel An U1500"]
[Site "Gatineau CAN"]
[Date "2016.01.19"]
[Round "3"]
[White "Lecorre, Joel"]
[Black "Traversy, Pierre"]
[Result "1-0"]
[WhiteElo "1526"]
[BlackElo "1160"]
[PlyCount "71"]
[EventDate "2016.01.05"]
[EventType "swiss"]
[EventRounds "5"]
[EventCountry "CAN"]

1. e4 c5 2. Nc3 e6 3. f4 g6 4. Nf3 Bg7 5. Bc4 Ne7 6. d3 a6 7. a4 d6 8. O-O Bd7
9. Qe1 Nbc6 10. Qf2 O-O 11. Nd1 Qc7 12. c3 Na5 13. Ne3 Bc6 14. Ba2 Bxa4 15.
Bxe6 fxe6 16. Rxa4 Nac6 17. Qh4 Qd7 18. Ra1 Qc7 19. Ng5 h6 20. Nxe6 Qd7 21.
Nxf8 Rxf8 22. Nd5 Nxd5 23. exd5 Ne7 24. c4 Nf5 25. Qh3 Kh7 26. g4 Bd4+ 27. Kh1
Ne7 28. f5 Ng8 29. fxg6+ Kg7 30. Rxf8 Kxf8 31. Bxh6+ Ke8 32. Re1+ Kd8 33. Bg5+
Nf6 34. Qh8+ Kc7 35. Bxf6 Qxg4 36. Qd8# 1-0

[Event "Nouvel An U1500"]
[Site "Gatineau CAN"]
[Date "2016.01.19"]
[Round "3"]
[White "Menard, Marc"]
[Black "Clermont, Yves"]
[Result "1-0"]
[WhiteElo "1462"]
[BlackElo "1017"]
[PlyCount "41"]
[EventDate "2016.01.05"]
[EventType "swiss"]
[EventRounds "5"]
[EventCountry "CAN"]

1. e4 e5 2. Nf3 Nc6 3. Bb5 Nf6 4. O-O Nxe4 5. Re1 Ng5 6. Nxe5 Be7 7. d4 O-O 8.
Nc3 a6 9. Ba4 b5 10. Bb3 Bb7 11. Bf4 Ne6 12. Nd5 Ncxd4 13. Nxe7+ Qxe7 14. Bg3
c5 15. c4 b4 16. Ba4 Qg5 17. Nxd7 Rfc8 18. Nb6 Nf5 19. Nxc8 Nh4 20. Qd7 Bxc8
21. Qe8+ 1-0

[Event "Nouvel An U1500"]
[Site "Gatineau CAN"]
[Date "2016.01.19"]
[Round "3"]
[White "Simard, Paul"]
[Black "Ethier, Valori"]
[Result "0-1"]
[WhiteElo "1195"]
[BlackElo "1360"]
[PlyCount "86"]
[EventDate "2016.01.05"]
[EventType "swiss"]
[EventRounds "5"]
[EventCountry "CAN"]

1. f4 d5 2. Nf3 g6 3. e3 Bg4 4. Be2 Bxf3 5. Bxf3 Bg7 6. d3 c5 7. Nd2 e6 8. O-O
Qb6 9. Rb1 Nd7 10. Qe2 Rc8 11. b3 Ngf6 12. Bb2 O-O 13. a4 Rfd8 14. g3 a5 15.
Bg2 Rc7 16. Nf3 Rdc8 17. Rfc1 Qa7 18. Kh1 Ng4 19. Bxg7 Kxg7 20. Ng5 h5 21. Rf1
c4 22. Rbc1 Qxe3 23. Rce1 Qxe2 24. Rxe2 cxd3 25. cxd3 Rc3 26. h3 Nh6 27. d4 Nf5
28. Rf3 Rxf3 29. Bxf3 Nxg3+ 30. Kg2 Nxe2 31. Bxe2 Rc2 32. Kf2 Rb2 33. Nf3 Rxb3
34. Nd2 Rxh3 35. Bb5 Nf6 36. Ke2 b6 37. Nf3 Ne4 38. Bd3 Nc3+ 39. Kd2 Nxa4 40.
Ne5 Rh2+ 41. Kc1 Rf2 42. Bb5 Nc3 43. Bd3 Rxf4 0-1

[Event "Nouvel An U1500"]
[Site "Gatineau CAN"]
[Date "2016.01.26"]
[Round "4"]
[White "Clermont, Yves"]
[Black "Simard, Paul"]
[Result "1-0"]
[WhiteElo "1017"]
[BlackElo "1195"]
[PlyCount "77"]
[EventDate "2016.01.05"]
[EventType "swiss"]
[EventRounds "5"]
[EventCountry "CAN"]

1. d4 f5 2. Nf3 Nf6 3. Bf4 e6 4. e3 b6 5. Bc4 Bb7 6. O-O Ne4 7. Nc3 Nc6 8. d5
Na5 9. Qd4 c5 10. dxc6 Bxc6 11. Bb5 Nf6 12. Rad1 Bc5 13. Qa4 O-O 14. b4 a6 15.
Bxc6 Nxc6 16. bxc5 bxc5 17. Ng5 Qc8 18. Bd6 Re8 19. Bxc5 Ne5 20. Bd4 Neg4 21.
h3 Nh6 22. Ne2 Ne4 23. Nxe4 fxe4 24. Ng3 Qc7 25. Rd2 d5 26. Rfd1 Rf8 27. Nh5
Nf5 28. Nf4 Rfe8 29. Nh5 Rf8 30. Ba1 Qb6 31. Qd7 Rf7 32. Qa4 Raf8 33. Qb3 Qa7
34. c4 dxc4 35. Qxc4 Nxe3 36. fxe3 Qxe3+ 37. Kh2 Rf1 38. Qxe6+ R8f7 39. Rd8#
1-0

[Event "Nouvel An U1500"]
[Site "Gatineau CAN"]
[Date "2016.01.26"]
[Round "4"]
[White "Legare, Gilles"]
[Black "Arcand, Pierre"]
[Result "0-1"]
[WhiteElo "1071"]
[BlackElo "1095"]
[PlyCount "98"]
[EventDate "2016.01.05"]
[EventType "swiss"]
[EventRounds "5"]
[EventCountry "CAN"]

1. e4 e5 2. Nc3 Nf6 3. a3 Nc6 4. d3 Be7 5. Be3 O-O 6. Be2 d5 7. exd5 Nxd5 8.
Nxd5 Qxd5 9. Nf3 Bf5 10. c4 Qd6 11. b4 Rad8 12. c5 Qd5 13. O-O Bxd3 14. Bxd3
Qxd3 15. Qa4 a6 16. Rad1 Qe4 17. Qb3 Rxd1 18. Rxd1 Rd8 19. Rxd8+ Bxd8 20. Kh1
Nd4 21. Qd1 Ne6 22. Ng1 f6 23. Qd7 Qc6 24. Qd1 b6 25. Qg4 bxc5 26. Qc4 Be7 27.
bxc5 g6 28. f3 Kg7 29. a4 Nxc5 30. a5 Bd6 31. Bf2 Qb5 32. Qd5 Qxa5 33. Bxc5
Bxc5 34. Qd7+ Kf8 35. Qxh7 Bxg1 36. Qxg6 Bd4 37. Qxf6+ Ke8 38. Qg6+ Kd8 39. Qb1
Qb6 40. Qf5 a5 41. h4 a4 42. h5 a3 43. h6 a2 44. Qg5+ Kd7 45. Qg7+ Kc6 46. h7
a1=Q+ 47. Kh2 e4 48. Qg6+ Kb7 49. Qxe4+ Qc6 0-1

[Event "Nouvel An U1500"]
[Site "Gatineau CAN"]
[Date "2016.01.26"]
[Round "4"]
[White "Morones, Oliver"]
[Black "Lecorre, Joel"]
[Result "0-1"]
[WhiteElo "1341"]
[BlackElo "1526"]
[PlyCount "60"]
[EventDate "2016.01.05"]
[EventType "swiss"]
[EventRounds "5"]
[EventCountry "CAN"]

1. d3 d5 2. e4 dxe4 3. Nc3 exd3 4. Bxd3 Nf6 5. h3 e5 6. Qf3 Bb4 7. Nge2 Nc6 8.
Bd2 O-O 9. O-O-O Be6 10. Bg5 Qe7 11. g4 Bxc3 12. Nxc3 h6 13. Bh4 g5 14. Bg3
Rad8 15. Qe3 Nd5 16. Qe4 f5 17. Qe1 Nxc3 18. Qxc3 e4 19. Bc4 f4 20. Bh2 Rd6 21.
h4 Rfd8 22. Rxd6 Rxd6 23. b4 Bxc4 24. Qxc4+ Qe6 25. Qxe6+ Rxe6 26. hxg5 hxg5
27. b5 Nd4 28. a4 Nf3 29. Kb2 Rh6 30. Rd1 Rd6 0-1

[Event "Nouvel An U1500"]
[Site "Gatineau CAN"]
[Date "2016.01.26"]
[Round "4"]
[White "Traversy, Pierre"]
[Black "Ethier, Valori"]
[Result "0-1"]
[WhiteElo "1194"]
[BlackElo "1363"]
[PlyCount "70"]
[EventDate "2016.01.05"]
[EventType "swiss"]
[EventRounds "5"]
[EventCountry "CAN"]

1. d4 d5 2. Nf3 Nf6 3. c4 c6 4. c5 b5 5. b4 g6 6. Nc3 Bg7 7. h3 O-O 8. a4 Na6
9. Ba3 Rb8 10. Rb1 Nc7 11. a5 Bf5 12. e3 Bxb1 13. Qxb1 a6 14. Bd3 Re8 15. Ne5
Rb7 16. Ne2 Nd7 17. Bb2 Nxe5 18. dxe5 e6 19. Bd4 Qg5 20. Ng3 Bxe5 21. Bxe5 Qxe5
22. O-O Rf8 23. Ne2 f5 24. Nd4 Qf6 25. f4 e5 26. fxe5 Qxe5 27. Qc1 Qf6 28. Rf4
Ne6 29. Nxe6 Qxe6 30. Qe1 Re7 31. Kf2 Rfe8 32. Rf3 Qe5 33. g3 Kg7 34. Qd2 d4
35. Qb2 dxe3+ 0-1

[Event "Nouvel An U1500"]
[Site "Gatineau CAN"]
[Date "2016.02.02"]
[Round "5"]
[White "Arcand, Pierre"]
[Black "Traversy, Pierre"]
[Result "1/2-1/2"]
[WhiteElo "1102"]
[BlackElo "1160"]
[PlyCount "132"]
[EventDate "2016.01.05"]
[EventType "swiss"]
[EventRounds "5"]
[EventCountry "CAN"]

1. e4 e5 2. Nf3 Nc6 3. Nc3 Nf6 4. Be2 a6 5. O-O Bc5 6. d3 d6 7. Bg5 h6 8. Bxf6
Qxf6 9. Nd5 Qd8 10. Qd2 Ne7 11. Nxe7 Qxe7 12. b4 Ba7 13. c4 Bg4 14. h3 Bxf3 15.
Bxf3 Bd4 16. Rab1 b5 17. Qc2 c5 18. a3 Rb8 19. bxc5 dxc5 20. cxb5 axb5 21. Rb3
O-O 22. Rfb1 Qe8 23. a4 b4 24. Qa2 Ra8 25. a5 Qb5 26. Ra3 Ra6 27. Bh5 Qb7 28.
Qc4 Kh7 29. Ra4 Qc6 30. Qb3 g6 31. Bg4 h5 32. Be2 Qf6 33. Rf1 Re8 34. g3 Ree6
35. h4 Qd8 36. Qa2 Rf6 37. Kg2 Qd7 38. Bd1 Kh6 39. Qd2+ Kg7 40. Qg5 Qb5 41. Qd2
Rxa5 42. Rxa5 Qxa5 43. Bb3 Qa3 44. Qc2 Rxf2+ 45. Rxf2 Bxf2 46. Kxf2 Qa1 47.
Qxc5 Qb2+ 48. Qc2 Qd4+ 49. Kf3 Qd7 50. Ke3 Qd4+ 51. Kf3 Qd6 52. Qc4 Qe7 53. d4
exd4 54. Qxd4+ Qf6+ 55. Qxf6+ Kxf6 56. Kf4 Kg7 57. Kg5 f6+ 58. Kf4 Kf8 59. g4
hxg4 60. Kxg4 Kg7 61. Kf4 Kh6 62. Kg4 f5+ 63. exf5 gxf5+ 64. Kh3 Kh5 65. Bd1+
Kg6 66. h5+ Kg5 1/2-1/2